=LDR 00000nam 2200000 4500 =001 001094 =005 20250713110523 =035 ##$$a 0010-0725000977 =007 ta =008 250713################a##########0#ind## =020 ##$$a 978-623-307-915-0 =082 ##$$a 398.209 598 =084 ##$$a 398.209 598 D'M t =100 #$$a D'mello sean =245 1#$$a Tarian air /$c Sean d'mello =250 ##$$a Cetakan pertama =260 ##$$a Rawamangun :$b Badan pengembangan dan pembinaan bahasa,$c 2022 =300 ##$$a 20 hlm. : $b Ilus. ; $c 22,9 cm. =650 #4$$a Cerita anak indonesia-terjemahan =650 #4$$a Literasi-bahan bacaan